Responses for Show #4174 - Thursday, October 24, 2002

Contestants

[<< previous game]

Sarah Legins, an art librarian from Brooklyn, New York

Cody Hartley, a university admissions officer from Thousand Oaks, California

Brad Vogelbach, a business consultant from Wilton Manors, Florida (whose 1-day cash winnings total $28,801)

[next game >>]

Jeopardy! Round responses

U.S. CITIES
SNAP, CRACKLE OR POP
NUMERIC TV
KINGS NAMED GUSTAV
THE FRENCH HAVE A(N ENGLISH) WORD FOR IT
ODDS & ENDS
    $200 1
Honolulu

Sarah
    $200 12
pop

Sarah
    $200 6
20/20

Cody
    $200 18
neutral

Sarah
    $200 17
globe

Brad
    $200 11
chimney sweeps

Brad
    $400 2
Dover

Cody
    $400 13
(Brad: What is due?)

snap judgment

BradSarah
    $400 7
Hawaii Five-O

Sarah
    $400 27
Summer Olympics

Brad
    $400 19
jukebox

Sarah
    $400 23
Edam & Gouda

Brad
    $600 3
(Cody: What is Albany?)

Rochester

CodySarah
    $600 14
Pop

Brad
    $600 8
(Brad: What is "911?")

Rescue 911

Brad
Triple Stumper
    $600 28
Napoleon

Cody
    $600 20
flash

Brad
    $600 24
rotisserie

Cody
    $800 4
Omaha

Sarah
    $800 15
Crackle

Cody
    $800 9
The 700 Club

Sarah
    $800 29
(Brad: What is the Renaissance?)

Enlightenment

BradCody
    $800 21
toboggan

Cody
    $800 25
Henry Ford

Brad
    $1,000 5
Charlotte

Sarah
    $1000 16
snap

Cody
    $1000 10
Nine to Five

Cody
    $1000 30
Hanseatic League

Brad
    $1000 22
journal

Sarah
    $1000 26
(Cody: What are the Earth, sun & moon?)

sun, moon & Venus

Cody
Triple Stumper

Scores at the first commercial break (after clue 16):

Brad Cody Sarah
-$200 $2,800 $4,400

Scores at the end of the Jeopardy! Round:

Brad Cody Sarah
$2,400 $4,600 $6,000

Double Jeopardy! Round responses

CLASSICAL MUSIC
HAIR & MAKE-UP
WATER, WATER EVERYWHERE
NEWMAN'S OWN "H" FILMS
AMERICAN WRITING
BAD ENGLISH
(Alex: Something we are all guilty of from time to time!)
    $400 26
Ludwig van Beethoven

Brad
    $400 20
gloss

Brad
    $400 6
Canada

Brad
    $400 2
The Hustler

Cody
    $400 1
Mark Twain

Cody
    $400 15
tense

Cody
    $800 27
Gioachino Rossini

Cody
    $800 21
shag

Brad
    $800 7
Hudson

Brad
    $800 3
Hud

Cody
    $800 11
Raymond Chandler

Triple Stumper
    $800 16
apostrophe (in "Its")

Brad
    $2,500 28
(Alex: Sometimes, Cody, magic just seems to happen!)

"The Four Seasons"

Cody
    $1200 22
redheads

Triple Stumper
    $1200 8
Caspian Sea

Brad
    $1200 4
Harper

Triple Stumper
    $1200 12
Michael Moore

Cody
    $1200 14
subject

Triple Stumper
    $1600 29
(Brad: Who is Ravel?)

Rimsky-Korsakov

Brad
Triple Stumper
    $1600 23
(Brad: What is a French braid?)

chignon

BradSarah
    $1600 9
Yellow River

Brad
    $1600 5
Hombre

Triple Stumper
    $1600 13
"They Shoot Horses, Don't They?"

Triple Stumper
    $2,000 17
flaunt

Brad
    $2000 30
(Brad: Who is Schoenberg?)

Gustav Mahler

Brad
Triple Stumper
    $2000 24
(Sarah: What is foundation?)

concealers

Sarah
Triple Stumper
    $2000 10
(Brad: What is Lake Baikul?)

Lake Baikal

BradCody
    $2000 19
The Hudsucker Proxy

Sarah
    $2000 25
"The Bear"

Brad
    $2000 18
fragment

Cody

Scores at the end of the Double Jeopardy! Round:

Brad Cody Sarah
$5,600 $15,100 $7,600

[wagering suggestions for these scores]

Final Jeopardy! Round responses

HISTORIC PHRASES
BradWhat is Remember the Alamo?
$5,000
SarahWhat is Remember the Alamo?
$7,600
CodyWhat is Lone Star State
$101
"Remember the Alamo"

Final scores:

Brad Cody Sarah
$10,600 $14,999 $15,200
3rd place: $1,000 2nd place: $2,000 New champion: $15,200

Game dynamics:

Coryat scores:

Brad Cody Sarah
$5,200 $13,800 $7,600
18 R
(including 1 DD),
7 W
18 R
(including 1 DD),
2 W
13 R
(including 1 DD),
1 W

Combined Coryat: $26,600

[game clues] [game scores] [suggest correction]

Game tape date: 2002-07-23
The J! Archive is created by fans, for fans. Scraping, republication, monetization, and malicious use prohibited; this site may use cookies and collect identifying information. See terms. The Jeopardy! game show and all elements thereof, including but not limited to copyright and trademark thereto, are the property of Jeopardy Productions, Inc. and are protected under law. This website is not affiliated with, sponsored by, or operated by Jeopardy Productions, Inc. Join the discussion at JBoard.tv.